| 000 | 00807nam a2200253 a 4500 | ||
|---|---|---|---|
| 005 | 20191224041559.0 | ||
| 008 | 140226b1980 ck ||||| |||| 00| 0 spa d | ||
| 040 |
_aCO-BoIAVH _cCO-BoIAVH |
||
| 041 | _aspa | ||
| 044 | _ack | ||
| 090 |
_aLB _b01298 |
||
| 110 |
_bInstituto Nacional de los Recursos Naturales Renovables y del Ambiente _943367 |
||
| 245 |
_aPrograma de Ecodesarrollo Sierra Nevada y Ciénaga de Santa Marta _bdocumento preliminar |
||
| 260 |
_aBogotá _bINDERENA _c1980 |
||
| 300 | _a79 p. | ||
| 650 | 4 |
_aEcodesarrollo _911124 |
|
| 650 | 4 |
_aCuencas hidrográficas _943369 |
|
| 650 | 4 |
_aManejo de recursos _93533 |
|
| 650 | 4 |
_aInvestigación aplicada _93686 |
|
| 650 | 4 |
_aRecursos pesqueros _943370 |
|
| 650 |
_aComercio de especies _94307 |
||
| 662 | _aColombia | ||
| 942 |
_cINFORME _2z _02 |
||
| 999 |
_c1306 _d1306 |
||